00445nam a2200145Ia 4500003000900000008004100009020002600050020002700076040001600103100001800119245004400137260003200181300002000213856006600233IN-BaIIA211028s9999 xx s 000 0 eng d a9780819430496 (Print) a9781510608023 (Online) cIIA Library aMyler, Harley 0aFundamentals of Machine Visionh[eBook] aWashington, USAbSPIEc1998 aOnline resource uhttps://doi.org/10.1117/3.2265077yClick Here to Access eBook